| 000 | 00484nam a2200157 a 4500 | ||
|---|---|---|---|
| 001 | 000042407 | ||
| 005 | 20201002040132.0 | ||
| 008 | 131128s1973 sp a 000 0 spa d | ||
| 020 | _a8432504548 | ||
| 040 |
_aDO-SdBNP _bspa _cBNPHU |
||
| 100 | 1 |
_aBravo Villasante, Carmen _97773 |
|
| 245 | 1 | 0 |
_aAntología de la Literatura infantil Española. / _cCarmen Bravo Villasante. |
| 260 |
_aMadrid, : _bDoncel, _c1973. |
||
| 300 |
_a423 p. : _bil. ; _c18 cm. |
||
| 500 | _aLibro joven de bolsillo | ||
| 999 |
_c41896 _d41896 |
||